[Event "Retro WM 84 Glasgow"]
[Site "?"]
[Date "2019.02.17"]
[Round "19"]
[White "Chafitz Sargon ARB 3.5 TM , 12 MHz"]
[Black "Meph. Excalibur Y Budapest , 8 MHz"]
[Result "1/2-1/2"]
[WhiteElo "1750"]
[BlackElo "1750"]
[PlyCount "199"]

1. d4 d5 2. c4 c6 3. Nf3 Nf6 4. Nc3 dxc4 5. a4 Bf5 6. e3 e6 7. Bxc4 Nbd7 8. O-O
Bd6 9. b3 Nd5 10. Bxd5 exd5 11. Ba3 Bxa3 12. Rxa3 Qa5 13. Nh4 Be6 14. Qd3 Nf6
15. Nf3 Qb4 16. Raa1 O-O 17. Rab1 a5 18. Ng5 h6 19. Nxe6 fxe6 20. Rfc1 Rae8 21.
Qg6 e5 22. Na2 Qa3 23. Rc2 Rf7 24. Nc3 Qb4 25. Na2 Qb6 26. dxe5 Rxe5 27. Nc3
Qb4 28. Ne2 Qe4 29. Qxe4 Nxe4 30. f4 Re8 31. Re1 Rfe7 32. Nd4 Nd6 33. Rc5 Rxe3
34. Rxe3 Rxe3 35. Rxa5 Kf7 36. Ra7 Kf6 37. g3 Rd3 38. Ne2 Rxb3 39. g4 g5 40. f5
Rb4 41. h3 Nc8 42. Ra8 Nb6 43. Rg8 Rb1+ 44. Kf2 Rh1 45. Rg6+ Ke7 46. Kg2 Re1
47. Kf2 Rb1 48. Rg7+ Kf6 49. Rxb7 Rb2 50. Rh7 h5 51. Rxh5 Nxa4 52. Rh6+ Kf7 53.
Rxc6 Rb3 54. Nd4 Rc3 55. Rd6 Rxh3 56. Nf3 Rh8 57. Nxg5+ Ke7 58. Rxd5 Rg8 59.
Rd4 Nc5 60. Ne4 Nxe4+ 61. Rxe4+ Kf6 62. Ke3 Kg5 63. Re6 Rg7 64. Kf3 Rg8 65. Kg3
Rg7 66. Rd6 Rg8 67. Rc6 Rg7 68. Re6 Rg8 69. Kf3 Rg7 70. Rd6 Rg8 71. Kg3 Rg7 72.
Rc6 Rg8 73. Rb6 Rg7 74. Ra6 Rg8 75. Kf3 Rg7 76. Rc6 Rg8 77. Rd6 Rg7 78. Rb6 Rg8
79. Rc6 Rg7 80. Ra6 Rg8 81. Kg3 Rg7 82. Rb6 Rg8 83. Re6 Rg7 84. Rd6 Rg8 85. Rc6
Rg7 86. Re6 Rg8 87. Kf3 Rg7 88. Rd6 Rg8 89. Kg3 Rg7 90. Rc6 Rg8 91. Rb6 Rg7 92.
Ra6 Rg8 93. Kf3 Rg7 94. Re6 Rg8 95. Ke4 Rg7 96. Rd6 Rg8 97. Kf3 Rg7 98. Rc6 Rg8
99. Rb6 Rg7 100. Kg3 1/2-1/2

[Event "Retro WM 84 Glasgow"]
[Site "Salzgitter"]
[Date "2019.02.20"]
[Round "18"]
[White "Meph. Excalibur X NY , 8 MHz"]
[Black "Chafitz Sargon ARB 3.5 TM , 12 MHz"]
[Result "0-1"]
[WhiteElo "1750"]
[BlackElo "1750"]
[PlyCount "110"]

1. e4 e5 2. Nf3 Nc6 3. Bb5 a6 4. Ba4 Nf6 5. d4 exd4 6. O-O Bc5 7. e5 Ng4 8. h3
Ngxe5 9. Re1 f6 10. Bxc6 dxc6 11. Nxe5 O-O 12. Nf3 b6 13. Re2 Qd6 14. Rd2 Re8
15. Nxd4 Bb7 16. Nf3 Qe7 17. Rd3 Qe2 18. Nd4 Qxd1+ 19. Rxd1 Bxd4 20. Rxd4 Re1+
21. Kh2 Rxc1 22. c3 c5 23. Rf4 Re8 24. b4 Re4 25. Nd2 Rxf4 26. Rxc1 Rxf2 27.
Nf3 Bxf3 28. Kg3 Rxg2+ 29. Kxf3 Rh2 30. Kg4 Rg2+ 31. Kf3 Rxa2 32. bxc5 bxc5 33.
Ke4 Rh2 34. c4 Rxh3 35. Ra1 Rh4+ 36. Kd5 Rh5+ 37. Kc6 Re5 38. Kxc7 h5 39. Rxa6
h4 40. Kd6 g5 41. Ra8+ Kg7 42. Rc8 h3 43. Rc7+ Kg6 44. Ra7 h2 45. Ra1 g4 46.
Rh1 g3 47. Rf1 g2 48. Ra1 h1=Q 49. Ra8 Qd1+ 50. Kc7 Re7+ 51. Kb6 Qd6+ 52. Ka5
g1=Q 53. Rg8+ Rg7 54. Ka4 Qa1+ 55. Kb3 Qd3# 0-1

[Event "Retro WM 84 Glasgow"]
[Site "Salzgitter"]
[Date "2019.02.20"]
[Round "37"]
[White "Chafitz Sargon ARB 3.5 TM , 12 MHz"]
[Black "Meph. Excalibur X NY , 8 MHz"]
[Result "1-0"]
[WhiteElo "1750"]
[BlackElo "1750"]
[PlyCount "61"]

1. e4 e6 2. d4 d5 3. Nc3 Nf6 4. Bg5 dxe4 5. Bxf6 Qxf6 6. Nxe4 Qg6 7. Qf3 Nc6 8.
O-O-O Be7 9. Nh3 O-O 10. Nf4 Qh6 11. Bb5 f5 12. Ng3 Bd6 13. Ngh5 g6 14. Qg3 g5
15. h4 Bxf4+ 16. Nxf4 Nxd4 17. Rxd4 c5 18. hxg5 Qxh1+ 19. Rd1 Qxd1+ 20. Kxd1 b6
21. Qd3 Bb7 22. Nxe6 Rf7 23. Nf4 Be4 24. Qd6 Rg7 25. Bc4+ Kh8 26. Qf6 Bxg2 27.
Nxg2 Re8 28. Nf4 Reg8 29. Nh5 f4 30. Bxg8 h6 31. Qxg7# 1-0

[Event "Retro WM 84 Glasgow"]
[Site "Neudorf - Salzgitter"]
[Date "2019.02.22"]
[Round "21"]
[White "Chafitz Steinitz TM , 20 MHz"]
[Black "Chafitz Sargon ARB 3.5 TM , 12 MHz"]
[Result "0-1"]
[WhiteElo "1890"]
[BlackElo "1750"]
[PlyCount "124"]

1. e4 e5 2. Nf3 Nc6 3. Bc4 Bc5 4. c3 Nf6 5. d4 exd4 6. cxd4 Bb4+ 7. Nc3 Nxe4 8.
O-O Nxc3 9. Qe1+ Be7 10. Qxc3 d5 11. Bb5 Bd7 12. Bf4 g5 13. Bg3 O-O 14. Be2 Bf5
15. Ba6 Bb4 16. Qc1 bxa6 17. Qxc6 g4 18. Bxc7 Rc8 19. Bxd8 Rxc6 20. Ne5 Rc2 21.
Bf6 Rxb2 22. f3 gxf3 23. Rxf3 Bg6 24. Nc6 Rc8 25. Rc1 Kf8 26. a3 Bd6 27. Bg5
Rc7 28. Bd8 Rcb7 29. Bg5 Be4 30. Bh6+ Ke8 31. Re1 Rc2 32. Nb4 Bxb4 33. axb4
Rxb4 34. Rg3 Rbb2 35. Kh1 a5 36. Rg8+ Kd7 37. Rg1 a4 38. Rg7 Kc6 39. Bc1 Ra2
40. h3 Rf2 41. Be3 Rfc2 42. Bc1 Bg6 43. Bg5 a3 44. Be3 Rab2 45. Bc1 Rb3 46. Bf4
a2 47. Rg8 Rb1 48. Rc8+ Kd7 49. Rxc2 Bxc2 50. Be5 Kc6 51. g4 Be4+ 52. Kh2 a1=Q
53. Rxb1 Qxb1 54. Kg3 a5 55. Kh4 a4 56. g5 a3 57. Bg3 a2 58. Bh2 a1=Q 59. Be5
Qc3 60. g6 Bg2 61. gxf7 Qxh3+ 62. Kg5 Qbf5# 0-1

[Event "Retro WM 84 Glasgow"]
[Site "Salzgitter"]
[Date "2019.02.23"]
[Round "1"]
[White "Meph. Excalibur O Serie , 8 MHz"]
[Black "Chafitz Sargon ARB 3.5 TM , 12 MHz"]
[Result "0-1"]
[WhiteElo "1750"]
[BlackElo "1750"]
[PlyCount "70"]

1. c4 e5 2. Nc3 Nf6 3. e3 Nc6 4. d4 exd4 5. exd4 Be7 6. d5 Nb4 7. Nh3 O-O 8.
Be2 d6 9. Ng5 Bf5 10. O-O Bc2 11. Qd4 c5 12. dxc6 Nxc6 13. Qd2 Bf5 14. Re1 Ne5
15. Qd4 Nfg4 16. Nge4 Re8 17. Rd1 Bh4 18. f3 Nc6 19. Qxd6 Bxe4 20. Nxe4 Nf2 21.
Qxd8 Nxd8 22. Nxf2 Rxe2 23. g3 Bf6 24. Rd7 Rc8 25. Bd2 Rxc4 26. Bc3 Rc8 27.
Bxf6 gxf6 28. Rad1 Ne6 29. Rxb7 Ng5 30. Ng4 Nxf3+ 31. Kh1 h5 32. Nxf6+ Kh8 33.
Ng4 hxg4 34. Rd8+ Rxd8 35. h4 Rh2# 0-1

[Event "Retro WM 84 Glasgow"]
[Site "Salzgitter"]
[Date "2019.02.23"]
[Round "20"]
[White "Chafitz Sargon ARB 3.5 TM , 12 MHz"]
[Black "Meph. Excalibur O Serie , 8 MHz"]
[Result "1-0"]
[WhiteElo "1750"]
[BlackElo "1750"]
[PlyCount "128"]

1. d4 Nf6 2. c4 e6 3. Nc3 Bb4 4. e3 b6 5. a3 Bxc3+ 6. bxc3 Bb7 7. Bb2 c5 8. Nf3
O-O 9. Bd3 Nc6 10. O-O Na5 11. dxc5 Bxf3 12. Qxf3 Nb3 13. Rad1 Nxc5 14. Bc2 Qc7
15. e4 h6 16. Bc1 Qc6 17. Rfe1 e5 18. Bb2 Na4 19. Bxa4 Qxa4 20. Bc1 Qxc4 21.
Bxh6 d5 22. exd5 e4 23. Qg3 Ne8 24. d6 Rd8 25. d7 Rxd7 26. Rxd7 Qc6 27. Bxg7
Nxg7 28. Rxa7 Ra8 29. Rxa8+ Qxa8 30. c4 Qc6 31. Qb3 Nf5 32. Rd1 Qg6 33. Rd7 Nh4
34. Qg3 Qxg3 35. hxg3 Ng6 36. Rd4 e3 37. fxe3 Ne5 38. Re4 f6 39. Rh4 Kf7 40.
Kh2 Ke6 41. Rf4 Kf7 42. Kh3 Ke7 43. Rd4 Ke6 44. Kh4 Nc6 45. Rf4 Ne5 46. Kh5 Kf7
47. g4 Ng6 48. Re4 Ne7 49. Rd4 Ke6 50. Rd1 Ke5 51. Kh6 Ke6 52. Rb1 Nc8 53. Kg6
Ne7+ 54. Kg7 Nc8 55. Rf1 Nd6 56. Rxf6+ Ke5 57. Rf4 Ne4 58. Rf5+ Kd6 59. g5 Kd7
60. Re5 Nf2 61. g6 Ng4 62. Re4 Nf2 63. Rd4+ Ke7 64. Kg8 Kf6 1-0

[Event "Retro WM 84 Glasgow"]
[Site "Salzgitter"]
[Date "2019.02.23"]
[Round "30"]
[White "Novag SuperConst. TM , 16 MHz"]
[Black "Chafitz Sargon ARB 3.5 TM , 12 MHz"]
[Result "1/2-1/2"]
[WhiteElo "1950"]
[BlackElo "1750"]
[PlyCount "304"]

1. e4 e5 2. Nf3 Nc6 3. Bb5 a6 4. Ba4 Nf6 5. O-O Be7 6. Re1 b5 7. Bb3 d6 8. c3
O-O 9. d4 exd4 10. cxd4 Na5 11. Bc2 c5 12. a4 c4 13. axb5 axb5 14. Bd2 Bd7 15.
e5 Ng4 16. h3 Nh6 17. Bxh6 gxh6 18. Qd2 Kg7 19. Qe2 b4 20. Be4 Rc8 21. Nbd2 c3
22. bxc3 bxc3 23. Nf1 dxe5 24. Nxe5 Be6 25. Qd3 f6 26. Bxh7 fxe5 27. Qg6+ Kh8
28. Qxe6 Kxh7 29. Rxa5 Qxa5 30. Qxe7+ Kh8 31. Rxe5 Qa2 32. Re2 Qd5 33. Re6 Qg5
34. Qxg5 hxg5 35. Re1 Rfd8 36. Ne3 Rxd4 37. Kf1 Rd2 38. f3 Ra2 39. Rc1 c2 40.
Ke2 Kg7 41. Kd2 Rd8+ 42. Ke2 Re8 43. Kd2 Ra3 44. Nxc2 Ra2 45. Kc3 Kg6 46. Kb3
Rea8 47. Rd1 Kh5 48. Rd6 Kh4 49. Rd4+ Kh5 50. Rd5 Kh4 51. Rc5 R8a4 52. Rb5 Ra7
53. Rb4+ Kh5 54. Rb8 Kh4 55. Rg8 R2a4 56. Re8 Kg3 57. Re2 Ra2 58. Kc4 Rb2 59.
Kc3 Raa2 60. Kd3 Kh2 61. Rd2 Rb3+ 62. Kc4 Rb7 63. Kc3 Rbb2 64. Re2 Rb6 65. Kc4
Rbb2 66. Kd3 Kg3 67. Rd2 Rb3+ 68. Kc4 Rb7 69. Kc3 Rbb2 70. Re2 Kh2 71. Kd3 Rb6
72. Kc3 Kg3 73. Kd3 Rb7 74. Kc3 Rb1 75. Rd2 Rb6 76. Re2 Rbb2 77. Rd2 Rb7 78.
Kc4 Rb8 79. Kc3 Kh2 80. Re2 Kg3 81. Kc4 Rbb2 82. Kd3 Kh2 83. Rf2 Rb7 84. Kc4
Rbb2 85. Kc3 Kg3 86. Re2 Rb7 87. Kc4 Rb6 88. Kd4 Rc6 89. Kd3 Rc8 90. f4 Rd8+
91. Kc4 gxf4 92. Kb3 Rda8 93. Kc3 Kh4 94. Kb3 R8a3+ 95. Kc4 Rg3 96. Rd2 Rga3
97. Re2 Ra4+ 98. Kd3 Kg3 99. Kc3 R4a3+ 100. Kd4 f3 101. gxf3 Rxf3 102. h4 Kxh4
103. Ke5 Kg5 104. Rg2+ Kh5 105. Kd4 Rf7 106. Kd3 Kh4 107. Rg8 Rf3+ 108. Ke4 Rf2
109. Nd4 Kh5 110. Ke3 Kh6 111. Ke4 Kh7 112. Rd8 Ra7 113. Ke3 Rb2 114. Ke4 Re7+
115. Kf4 Rf7+ 116. Kg3 Rg7+ 117. Kf3 Rf7+ 118. Kg3 Rff2 119. Kg4 Rg2+ 120. Kf5
Rbf2+ 121. Ke5 Rg5+ 122. Ke4 Rg3 123. Nf5 Rgg2 124. Rd7+ Kg8 125. Rc7 Re2+ 126.
Kd3 Rd2+ 127. Ke3 Rge2+ 128. Kf4 Rc2 129. Rd7 Rb2 130. Nd4 Rf2+ 131. Ke4 Rf7
132. Rd6 Rg7 133. Nf5 Ra7 134. Kf4 Rf2+ 135. Kg5 Rg2+ 136. Kf4 Kf7 137. Ne3
Rf2+ 138. Kg4 Ke7 139. Rb6 Kd7 140. Kg5 Ra5+ 141. Kg6 Re5 142. Ng4 Kc7 143. Rb4
Re6+ 144. Kg5 Rg2 145. Kf5 Ree2 146. Rc4+ Kb6 147. Rc3 Rd2 148. Ne3 Rgf2+ 149.
Kg5 Kb7 150. Ng4 Rg2 151. Kf5 Rge2 152. Kg5 Ra2 1/2-1/2

[Event "Retro WM 84 Glasgow"]
[Site "Salzgitter"]
[Date "2019.02.23"]
[Round "11"]
[White "Chafitz Sargon ARB 3.5 TM , 12 MHz"]
[Black "Novag SuperConst. TM , 16 MHz"]
[Result "0-1"]
[WhiteElo "1750"]
[BlackElo "1950"]
[PlyCount "88"]

1. e4 e5 2. Nf3 Nc6 3. Bb5 a6 4. Ba4 Nf6 5. O-O Be7 6. Re1 b5 7. Bb3 O-O 8. Bd5
Bb7 9. Nxe5 Nxd5 10. exd5 Nb4 11. c3 Nxd5 12. d4 Nf6 13. Nd2 d5 14. b4 Nd7 15.
Bb2 Nxe5 16. dxe5 a5 17. bxa5 Rxa5 18. Nb3 Ra6 19. Nd4 Qd7 20. Qd3 Rfa8 21.
Qxb5 Qxb5 22. Nxb5 Bd8 23. Bc1 Rxa2 24. Ba3 Rc2 25. Re3 c5 26. f4 Bb6 27. Rg3
Bc6 28. Nd6 c4+ 29. Kf1 Bc5 30. Nf5 Rxa3 31. Rxg7+ Kh8 32. Rxa3 Rf2+ 33. Ke1
Rxf4 34. Ra5 Bf2+ 35. Kd1 Rxf5 36. g4 Rf3 37. Ke2 d4 38. Rg5 d3+ 39. Kd1 Be3
40. Rf5 Rxf5 41. Ra8+ Bxa8 42. gxf5 Bf3+ 43. Ke1 d2+ 44. Kf1 d1=Q# 0-1

[Event "Retro WM 84 Glasgow"]
[Site "Salzgitter"]
[Date "2019.02.24"]
[Round "8"]
[White "SciSys Turbostar 432 KSO , 4 MHz"]
[Black "Chafitz Sargon ARB 3.5 TM , 12 MHz"]
[Result "1-0"]
[WhiteElo "1770"]
[BlackElo "1750"]
[PlyCount "77"]

1. c4 c5 2. Nf3 Nf6 3. g3 g6 4. Bg2 Bg7 5. O-O O-O 6. Nc3 Nc6 7. a3 b6 8. d4
Bb7 9. dxc5 bxc5 10. Bg5 Ba6 11. Bxf6 Bxf6 12. Qd5 e6 13. Qxc5 Qb8 14. Rab1 Be7
15. Qe3 Bxc4 16. Nd2 Ba6 17. b4 Bf6 18. b5 Bxc3 19. Qxc3 Bxb5 20. a4 Bxa4 21.
Rxb8 Rfxb8 22. Ne4 d5 23. Nf6+ Kg7 24. Nd7+ Kg8 25. Nxb8 Rxb8 26. Qf6 a5 27.
Ra1 Bb5 28. f4 Bxe2 29. Bxd5 exd5 30. Qxc6 d4 31. Qd6 Rb4 32. Rxa5 Rb1+ 33. Kf2
d3 34. Ra8+ Kg7 35. Qf8+ Kf6 36. Ra6+ Kf5 37. Qc5+ Kg4 38. Qg5+ Kh3 39. Qh4#
1-0

[Event "Retro WM 84 Glasgow"]
[Site "Salzgitter"]
[Date "2019.02.24"]
[Round "27"]
[White "Chafitz Sargon ARB 3.5 TM , 12 MHz"]
[Black "SciSys Turbostar 432 KSO , 4 MHz"]
[Result "1-0"]
[WhiteElo "1750"]
[BlackElo "1770"]
[PlyCount "127"]

1. d4 d5 2. c4 c6 3. Nf3 Nf6 4. Nc3 dxc4 5. a4 Bg4 6. e3 e5 7. dxe5 Qxd1+ 8.
Nxd1 Nfd7 9. Bxc4 Bxf3 10. gxf3 Nxe5 11. Be2 Bb4+ 12. Nc3 O-O 13. e4 Rd8 14.
O-O Bxc3 15. bxc3 Na6 16. Be3 Nd3 17. Rfd1 Nac5 18. e5 b6 19. f4 h6 20. Ra2 Rd7
21. Bg4 Rdd8 22. Rad2 Re8 23. Bf3 Rac8 24. Rxd3 Nxd3 25. Rxd3 Kf8 26. Rd7 Re7
27. Rd6 Re6 28. Rd7 Re7 29. Rd1 c5 30. Be4 f6 31. Bf5 Rce8 32. e6 Rc7 33. Bg4
h5 34. Bf5 Ke7 35. Bg6 Rh8 36. f5 Rb7 37. Bf4 Rd8 38. Rxd8 Kxd8 39. Bxh5 b5 40.
axb5 Rxb5 41. Bd6 Rb1+ 42. Kg2 Rb7 43. Bf3 Rb1 44. e7+ Kd7 45. Bc6+ Kxc6 46.
e8=Q+ Kxd6 47. Qf8+ Kc6 48. Qxg7 a5 49. h4 a4 50. Qxf6+ Kb5 51. Qe5 Ka5 52. f6
Rb7 53. Qxc5+ Ka6 54. Qc6+ Ka7 55. Qxb7+ Kxb7 56. f7 Kc6 57. f8=Q Kb5 58. h5 a3
59. Qxa3 Kc4 60. h6 Kd5 61. h7 Ke4 62. Qc5 Kf4 63. h8=Q Ke4 64. Qhd4# 1-0

[Event "Retro WM 84 Glasgow"]
[Site "Salzgitter"]
[Date "2019.03.02"]
[Round "32"]
[White "SciSys Turbostar 432 KSO , 4 MHz"]
[Black "Meph. Excalibur O Serie , 8 MHz"]
[Result "1-0"]
[WhiteElo "1770"]
[BlackElo "1750"]
[PlyCount "115"]

1. d4 Nf6 2. Nf3 d5 3. c4 e6 4. Nc3 Bb4 5. cxd5 exd5 6. Bg5 Qd6 7. Bxf6 Qxf6 8.
Qb3 Qd6 9. e3 Be6 10. Bd3 Nc6 11. O-O O-O 12. Nb5 Qd7 13. a3 Be7 14. Qc2 f5 15.
Rac1 Bf6 16. Nc3 Rab8 17. b4 a6 18. h3 Ra8 19. Qb3 Qd6 20. Qc2 g6 21. Qa4 b5
22. Qc2 Bd7 23. Qb3 Be6 24. Ne2 Ra7 25. Nf4 Re8 26. Qc3 Bd7 27. Qc5 Rea8 28.
Qxd6 cxd6 29. Nxd5 Bd8 30. Nd2 Rc8 31. Nf3 Be6 32. Nf4 Bd7 33. Nd2 Rac7 34. Nd5
Ra7 35. Nb3 Be6 36. e4 Bxd5 37. exd5 Ne7 38. Rxc8 Nxc8 39. g4 Ne7 40. gxf5 Nxf5
41. Bxf5 gxf5 42. Kg2 Rg7+ 43. Kf3 Bg5 44. Na5 Bf6 45. Nc6 Rg6 46. Kf4 Rg5 47.
Re1 Kf7 48. Re6 Rh5 49. Rxd6 Rxh3 50. Ne5+ Bxe5+ 51. dxe5 Rxa3 52. Rf6+ Ke7 53.
d6+ Ke8 54. Kxf5 Ra4 55. Ke6 a5 56. d7+ Kd8 57. Kd6 axb4 58. Rf8# 1-0

[Event "Retro WM 84 Glasgow"]
[Site "Salzgitter"]
[Date "2019.03.03"]
[Round "31"]
[White "Petrosjan Glasgow TM , 20 MHz"]
[Black "Novag SuperConst. TM , 16 MHz"]
[Result "1/2-1/2"]
[WhiteElo "1830"]
[BlackElo "1950"]
[PlyCount "174"]

1. Nf3 Nf6 2. c4 b6 3. d3 e6 4. e4 d6 5. Be2 Be7 6. Nc3 Bb7 7. Qa4+ Bc6 8. Qb3
O-O 9. Be3 Nbd7 10. O-O Nc5 11. Qc2 Bb7 12. h3 h6 13. Rfe1 e5 14. Nd5 a5 15.
Bxc5 bxc5 16. Qa4 c6 17. Nxe7+ Qxe7 18. Nh4 g6 19. Nf3 Nh5 20. Nd2 Nf4 21. Nb3
Qg5 22. Bf3 Nxh3+ 23. Kf1 Nf4 24. Red1 Qd8 25. g3 Ne6 26. Kg2 Kg7 27. Rh1 Qc7
28. Kg1 f5 29. Bg2 f4 30. Rf1 Nd4 31. Rh4 Ne2+ 32. Kh2 Ra6 33. Re1 fxg3+ 34.
fxg3 Nd4 35. Nxd4 cxd4 36. Kg1 c5 37. Qb5 Qc6 38. b3 Qxb5 39. cxb5 Rb6 40. a4
Bc8 41. Rd1 h5 42. Bh3 Bb7 43. Bg2 Rf6 44. Rf1 Bc8 45. Bh3 Rxf1+ 46. Kxf1 Bb7
47. g4 hxg4 48. Bxg4 d5 49. Bf3 dxe4 50. Bxe4 Bc8 51. Rh2 Be6 52. Rb2 Kf6 53.
Rf2+ Ke7 54. Rb2 g5 55. Bc6 Kd6 56. Kf2 g4 57. Kg3 Kc7 58. Be4 Rb8 59. Rc2 Kd6
60. Rb2 Kd7 61. Rb1 Kc7 62. Rc1 Kd6 63. Rb1 Kd7 64. Rc1 Bxb3 65. Kxg4 Bxa4 66.
Rxc5 Kd6 67. Rc6+ Kd7 68. Rc5 Ke6 69. b6 Rxb6 70. Rxa5 Bc2 71. Kg5 Bb1 72. Kg6
Rb2 73. Ra6+ Kd7 74. Kf5 Re2 75. Rb6 Bc2 76. Rh6 Ke7 77. Re6+ Kf7 78. Ra6 Ke7
79. Rh6 Re3 80. Kxe5 Bxd3 81. Rh7+ Kd8 82. Kxd4 Rxe4+ 83. Kxd3 Re6 84. Ra7 Re5
85. Kd4 Re2 86. Kd5 Ke8 87. Kd6 Kf8 1/2-1/2

[Event "Retro WM 84 Glasgow"]
[Site "Salzgitter"]
[Date "2019.03.09"]
[Round "12"]
[White "Novag SuperConst. TM , 16 MHz"]
[Black "Petrosjan Glasgow TM , 20 MHz"]
[Result "1-0"]
[WhiteElo "1950"]
[BlackElo "1830"]
[PlyCount "61"]

1. e4 e5 2. Nf3 d6 3. Bc4 Be6 4. Bxe6 fxe6 5. Nc3 Nf6 6. d3 Nc6 7. Bg5 Be7 8.
O-O O-O 9. Qe2 Qd7 10. h3 Nd4 11. Nxd4 exd4 12. Nd1 Qb5 13. f4 c6 14. c3 dxc3
15. Nxc3 Qb6+ 16. Kh1 e5 17. Rac1 Bd8 18. f5 Bc7 19. g4 Qa6 20. Bh4 Rac8 21. g5
Nd7 22. g6 h6 23. Be7 Rfe8 24. f6 Kh8 25. fxg7+ Kg8 26. Rf7 Nc5 27. Qh5 Nxd3
28. Qxh6 Nf2+ 29. Kg2 Qf1+ 30. Rxf1 Nd3 31. Qh7# 1-0

[Event "Retro WM 84 Glasgow"]
[Site "?"]
[Date "2019.03.09"]
[Round "29"]
[White "Petrosjan Glasgow TM , 20 MHz"]
[Black "SciSys Turbostar 432 KSO , 4 MHz"]
[Result "1/2-1/2"]
[WhiteElo "1830"]
[BlackElo "1770"]
[PlyCount "80"]

1. e4 e5 2. Bc4 Nf6 3. Nc3 Be7 4. Nf3 d6 5. d4 exd4 6. Nxd4 c5 7. Nf3 O-O 8.
Bf4 Be6 9. Bb3 Bxb3 10. axb3 Nc6 11. O-O Qd7 12. Re1 Nh5 13. Ne5 Nxe5 14. Qxh5
g6 15. Qd1 f6 16. Qd5+ Kg7 17. Red1 Rfd8 18. Bxe5 fxe5 19. Qd2 Rf8 20. f3 h6
21. b4 cxb4 22. Nd5 b3 23. c4 Bh4 24. Qa5 Rac8 25. Qxa7 Bg5 26. Ra4 Bf4 27. Rd3
Rb8 28. Nxf4 exf4 29. Qd4+ Kh7 30. Ra7 Rfc8 31. e5 Qf7 32. Qxd6 Qxc4 33. Qd7+
Kh8 34. Rc3 Rc7 35. Qxc7 Qd4+ 36. Kf1 Qd1+ 37. Kf2 Qd2+ 38. Kf1 Qd1+ 39. Kf2
Qd2+ 40. Kf1 Qd1+ 1/2-1/2

[Event "Retro WM 84 Glasgow"]
[Site "?"]
[Date "2019.03.09"]
[Round "10"]
[White "SciSys Turbostar 432 KSO , 4 MHz"]
[Black "Petrosjan Glasgow TM , 20 MHz"]
[Result "1-0"]
[WhiteElo "1770"]
[BlackElo "1830"]
[PlyCount "143"]

1. e4 e6 2. d4 d5 3. Nd2 c5 4. Ngf3 Nf6 5. exd5 Nxd5 6. Nb3 cxd4 7. Nbxd4 Bb4+
8. Bd2 Bxd2+ 9. Qxd2 Qb6 10. c4 Nf6 11. Bd3 O-O 12. O-O Rd8 13. Ne2 Nc6 14. Qc3
Bd7 15. Rfd1 Ng4 16. c5 Qc7 17. Bc4 Na5 18. Bd3 Bc6 19. Ned4 b6 20. cxb6 Qxb6
21. b4 Bxf3 22. gxf3 Rac8 23. bxa5 Qb8 24. Bxh7+ Kxh7 25. Qd3+ Kg8 26. fxg4 e5
27. Qe4 exd4 28. Rxd4 Qb2 29. Rad1 Re8 30. Qd5 Qe2 31. Qd7 Rc2 32. Qxe8+ Qxe8
33. Rd8 Kf8 34. Rxe8+ Kxe8 35. Rb1 Rc7 36. Kg2 f6 37. Kf3 Rc3+ 38. Ke4 Rc4+ 39.
Kd5 Rxg4 40. Rb8+ Kf7 41. Rb7+ Kg8 42. Rxa7 Rf4 43. Ra8+ Kf7 44. Ra7+ Kg8 45.
f3 Rxf3 46. Ra8+ Kh7 47. a6 Rd3+ 48. Kc5 Rc3+ 49. Kb6 Ra3 50. Rf8 Rxa2 51. a7
Kg6 52. a8=Q Rxa8 53. Rxa8 Kf5 54. Ra7 g6 55. Rf7 Ke5 56. Kc5 f5 57. Rg7 Kf6
58. Ra7 f4 59. Kd4 Kf5 60. Rf7+ Kg4 61. Ke4 g5 62. Rh7 f3 63. Ke3 Kf5 64. Kxf3
g4+ 65. Kg3 Kg6 66. Rb7 Kg5 67. Rb5+ Kg6 68. Kxg4 Kf7 69. Kf5 Ke8 70. Ke6 Kf8
71. Rg5 Ke8 72. Rg8# 1-0

[Event "Retro WM 84 Glasgow"]
[Site "Salzgitter"]
[Date "2019.03.10"]
[Round "26"]
[White "Novag SuperConst. TM , 16 MHz"]
[Black "Fidelity Elegance TM , 12 MHz"]
[Result "1-0"]
[WhiteElo "1950"]
[BlackElo "1910"]
[PlyCount "153"]

1. e4 e6 2. d4 d5 3. Nc3 Bb4 4. e5 c5 5. a3 Bxc3+ 6. bxc3 Ne7 7. a4 Nbc6 8. Nf3
Qa5 9. Bd2 Bd7 10. Be2 c4 11. O-O Nd8 12. Qc1 Bxa4 13. Qa3 b5 14. Rfb1 Ndc6 15.
h3 h6 16. Qb2 O-O 17. Ra2 Qc7 18. Qc1 a5 19. Bxh6 gxh6 20. Qxh6 Nf5 21. Qg5+
Ng7 22. Qh6 Ne7 23. Ng5 Rfd8 24. Qh7+ Kf8 25. Qh8+ Ng8 26. Nh7+ Ke7 27. Qxg7
Qc6 28. Bh5 Kd7 29. Qxf7+ Kc8 30. Nf8 Rxf8 31. Qxf8+ Kd7 32. Qf7+ Ne7 33. f4
Kd8 34. Bf3 Qd7 35. Rxa4 bxa4 36. Qf8+ Qe8 37. Qxe8+ Kxe8 38. Ra1 Rb8 39. Rxa4
Rb1+ 40. Kf2 Rb2 41. Rxa5 Rxc2+ 42. Be2 Rxc3 43. Ra6 Kf7 44. Bg4 Rc2+ 45. Kg3
Nf5+ 46. Bxf5 exf5 47. Rf6+ Ke7 48. Rd6 Rd2 49. Rxd5 c3 50. Rc5 Rd3+ 51. Kh4
Rxd4 52. Kg5 Rd3 53. Kxf5 Rg3 54. Ke4 Rxg2 55. Rxc3 Rb2 56. f5 Rb4+ 57. Kd5
Rb5+ 58. Rc5 Rb7 59. f6+ Kf7 60. h4 Kg6 61. Kd6 Rb4 62. h5+ Kxh5 63. e6+ Kg6
64. f7 Rb8 65. Rg5+ Kxg5 66. e7 Rb6+ 67. Kc7 Rb2 68. e8=Q Rc2+ 69. Kb6 Rb2+ 70.
Kc5 Rc2+ 71. Kd4 Rd2+ 72. Kc3 Rf2 73. Qe3+ Kh5 74. Qxf2 Kg6 75. f8=Q Kg5 76.
Q2f4+ Kh5 77. Q8h6# 1-0

[Event "Retro WM 84 Glasgow"]
[Site "Salzgitter"]
[Date "2019.03.11"]
[Round "7"]
[White "Fidelity Elegance TM , 12 MHz"]
[Black "Novag SuperConst. TM , 16 MHz"]
[Result "0-1"]
[WhiteElo "1910"]
[BlackElo "1950"]
[PlyCount "166"]

1. a4 d5 2. d4 Nf6 3. Nf3 Bf5 4. Nc3 e6 5. Nh4 Be4 6. f3 Bb4 7. Bd2 Bg6 8. Nxg6
hxg6 9. e3 Bd6 10. f4 c5 11. dxc5 Bxc5 12. Qf3 Nc6 13. Bb5 Qe7 14. O-O Qc7 15.
a5 a6 16. Bxc6+ bxc6 17. Na4 Ba7 18. Bc3 O-O 19. Qg3 Ne4 20. Qe1 Qb7 21. b3
Rfd8 22. Be5 Rac8 23. Nc3 f5 24. Qe2 Nxc3 25. Bxc3 Qb5 26. Qf2 Rb8 27. Be5 Rb7
28. Rfe1 c5 29. Qh4 Rc8 30. Qg3 Qe8 31. Qh3 c4 32. Rab1 cxb3 33. cxb3 Rb5 34.
Rf1 Rxa5 35. Rb2 Bb6 36. Rd2 Qb5 37. Bd4 Qb4 38. Bxb6 Qxb6 39. Rd3 Rc2 40. Qg3
Kf7 41. Rb1 Raa2 42. Qf3 Rxg2+ 43. Qxg2 Rxg2+ 44. Kxg2 Qc6 45. Rbd1 Kf6 46. Kf2
g5 47. fxg5+ Kxg5 48. Ke1 Qc7 49. R1d2 Qe5 50. Rf2 a5 51. Ke2 Qa1 52. Kf3 Qh1+
53. Rg2+ Kf6 54. Rdd2 g5 55. Kf2 Qb1 56. Ke2 g4 57. Rf2 Qxb3 58. Rd3 Qb1 59.
Rf1 Qc2+ 60. Rd2 Qc3 61. Rf4 Qb3 62. Rfd4 a4 63. R4d3 Qb8 64. Ke1 Qb1+ 65. Rd1
Qb4+ 66. R1d2 a3 67. Kf2 Qd6 68. Rd1 Qxh2+ 69. Kf1 a2 70. R3d2 Qxd2 71. Rxd2
a1=Q+ 72. Ke2 Qh1 73. Rd1 Qh2+ 74. Kd3 g3 75. Rd2 Qxd2+ 76. Kxd2 g2 77. Kd3
g1=Q 78. Ke2 Ke5 79. Kd2 Qf2+ 80. Kc1 Ke4 81. Kb1 Kd3 82. Ka1 Kc3 83. Kb1 Qb2#
0-1

[Event "Retro WM 84 Glasgow"]
[Site "Salzgitter"]
[Date "2019.03.15"]
[Round "19"]
[White "Novag SuperConst. TM , 16 MHz"]
[Black "Fidelity EAS A-E Glasgow TM , 10 MHz"]
[Result "1-0"]
[WhiteElo "1950"]
[BlackElo "1910"]
[PlyCount "101"]

1. e4 c6 2. d3 d5 3. Nd2 e5 4. Ngf3 Bd6 5. Be2 Nf6 6. c4 O-O 7. O-O Na6 8. cxd5
cxd5 9. d4 exd4 10. e5 Nb4 11. Qb3 Bxe5 12. Nxe5 Nc6 13. Nxc6 bxc6 14. Nf3 c5
15. Bg5 c4 16. Qb5 d3 17. Bd1 Bd7 18. Qa6 Qb6 19. Qxb6 axb6 20. Bxf6 gxf6 21.
Nd4 Rfd8 22. Re1 Kf8 23. a4 Ra5 24. b4 Ra6 25. Re3 Kg8 26. g4 Ra7 27. f4 Ra6
28. h4 Ra7 29. a5 Ra6 30. Bf3 bxa5 31. Rxa5 Rd6 32. Ra7 Be6 33. b5 Bd7 34. Kf2
Kg7 35. Rc7 Kh8 36. Re7 Kg8 37. b6 Be8 38. b7 Rb8 39. Nf5 Rdd8 40. Nh6+ Kg7 41.
Nxf7 Bxf7 42. Rxf7+ Kh8 43. Rxh7+ Kg8 44. Rh5 d4 45. Bd5+ Rxd5 46. Rxd5 d2 47.
Rdd7 d1=N+ 48. Kf3 Re8 49. Rc8 Kf8 50. b8=Q Rxc8 51. Qxc8# 1-0

[Event "Retro WM 84 Glasgow"]
[Site "Salzgitter"]
[Date "2019.03.16"]
[Round "38"]
[White "Fidelity EAS A-E Glasgow TM , 10 MHz"]
[Black "Novag SuperConst. TM , 16 MHz"]
[Result "1-0"]
[WhiteElo "1910"]
[BlackElo "1950"]
[PlyCount "138"]

1. d4 Nf6 2. c4 e6 3. Nc3 c5 4. d5 exd5 5. cxd5 d6 6. Nf3 g6 7. g3 Bg7 8. Bg2
O-O 9. O-O Bf5 10. Qb3 Qc7 11. Bf4 Qd7 12. Nh4 Bg4 13. f3 Bh5 14. g4 Nxg4 15.
fxg4 Bxg4 16. Nf3 Na6 17. Nb5 Rfe8 18. e3 Re4 19. Nc3 Rb4 20. Qc2 Re8 21. Nd2
Bh3 22. Nde4 Bxg2 23. Qxg2 Nc7 24. a3 Rbxe4 25. Nxe4 Nxd5 26. Rad1 Nxf4 27.
exf4 d5 28. Nxc5 Qb5 29. Qxd5 Qxb2 30. Qb3 Bd4+ 31. Kh1 b6 32. Qxb2 Bxb2 33.
Nd7 Re3 34. a4 Ra3 35. Rb1 Bh8 36. Rb4 Rd3 37. Nb8 Rc3 38. Rd1 Kg7 39. Rbd4 Rc8
40. Na6 Rc3 41. Re4 Ra3 42. Rd7 Ra1+ 43. Kg2 Kg8 44. Rxa7 Ra2+ 45. Kf1 Bc3 46.
Rc7 Bf6 47. Rc6 Kg7 48. Rxb6 Rxh2 49. Nc7 Bh4 50. a5 Rf2+ 51. Kg1 Ra2 52. Rb5
Bd8 53. Rc4 h5 54. Rd5 Bh4 55. Kh1 Kf6 56. Re4 Kg7 57. a6 Bf2 58. Rc4 Be3 59.
Rd3 Bf2 60. Rc6 Kg8 61. Rd8+ Kh7 62. Rd7 g5 63. fxg5 Kg8 64. Rd8+ Kh7 65. Ne8
f6 66. Nxf6+ Kg6 67. Ne4+ Kf5 68. Nxf2 Kxg5 69. Rd5+ Kh4 1-0